MDQL
is popping MORE tags! Check the
thread
!
Quizzes
Events
Quiz Creation
Community
Videos
Private Events
Remove Ads
Sign In
Join for FREE
Feedback
Dark Mode
Quiz Categories
Sports
Geography
Music
Movies
Television
Just For Fun
Miscellaneous
History
Literature
Language
Science
Gaming
Entertainment
Religion
Holiday
For Kids
Quiz Lab
Recent
Popular Today
Quiz Kudos Today
Editor Picks
Curator Picks
Quizzes by...
Day
Popularity
Type
Ratings
Length
Year
Community
Subscriptions
Recent Discussions
Orange Saloon
Badges
Playlists
Quests
Create
Leaderboards
Showdown
Live 5
Trivia Bingo
Activity
Puzzle Library
Sporcle Events
Private Events
Virtual Trivia
Globe League
Become a Host
Pub Owners
SporcleCon
Opinionation
Our Games
Videos
Blog
Mobile Apps
Partnerships
Remove Ads and Go Orange
Feedback
Geography
Country
Landmarks
City
State
Population
World
Capital
Continent
Flags
Europe
Africa
Asia
South America
North America
Oceania
Border
Canada
United Kingdom
Topography
United States
Geography
Country
Landmarks
City
State
Population
World
Capital
Continent
Flags
Europe
Africa
Asia
South America
North America
Oceania
Border
Canada
United Kingdom
Topography
United States
Random Quiz
Search Sporcle
×
Quiz Lab
Quiz Lab
Geography
Nintendo
Type in answers that appear in a list
Type in answers that appear in a list
Classic
Best Score? Go Orange.
Most Populous Chinese Cities By Province Stats
Can you name the most populous Chinese cities by province?
By
guepart
20m
249 Questions
248 Plays
248 Plays
248 Plays
Comments
Comments
Give Quiz Kudos
Give Quiz Kudos
-
- Ratings
hide this ad
More Info
Replay
Link that replays current quiz
Next Quiz
Link to next quiz in quiz playlist
You Got
0%
They Got
Avg Score
39%
Avg Friend Score
Upgrade to see
Score Distribution
Jump to the score distribution portion of the page
Score
0/249
Timer
20:00
0
Plays Today
% Correct
广州 (Guangzhou)
94.4%
深圳 (Shenzhen)
91.9%
武汉 (Wuhan)
91.5%
西安 (Xi'an)
91.5%
哈尔滨 (Harbin)
90.3%
成都 (Chengdu)
89.9%
南京 (Nanjing)
87.1%
乌鲁木齐 (Urumqi)
87.1%
福州 (Fuzhou)
86.7%
沈阳 (Shenyang)
84.3%
杭州 (Hangzhou)
83.9%
苏州 (Suzhou)
83.1%
宿州 (Suzhou)
82.7%
长沙 (Changsha)
82.3%
青岛 (Qingdao)
82.3%
济南 (Jinan)
81%
大理 (Dali)
81%
昆明 (Kunming)
79.4%
兰州 (Lanzhou)
79%
抚州 (Fuzhou)
79%
郑州 (Zhengzhou)
78.2%
长春 (Changchun)
78.2%
大连 (Dalian)
78.2%
厦门 (Xiamen)
77.4%
海口 (Haikou)
77.4%
拉萨 (Lasa)
77.4%
合肥 (Hefei)
77%
佛山 (Foshan)
76.6%
南宁 (Nanning)
76.2%
贵阳 (Guiyang)
75.8%
石家庄 (Shijiazhuang)
75%
吉林 (Jilin)
74.6%
太原 (Taiyuan)
73%
呼和浩特 (Hohhot)
72.6%
南昌 (Nanchang)
71.4%
汕头 (Shantou)
71%
无锡 (Wuxi)
71%
温州 (Wenzhou)
67.7%
宁波 (Ningbo)
66.9%
西宁 (Xining)
65.7%
桂林 (Guilin)
65.3%
包头 (Baotou)
65.3%
齐齐哈尔 (Qiqihar)
64.9%
洛阳 (Luoyang)
64.9%
泉州 (Quanzhou)
61.7%
淄博 (Zibo)
61.7%
银川 (Yinchuan)
61.3%
唐山 (Tangshan)
60.5%
徐州 (Xuzhou)
59.7%
三亚 (Sanya)
59.3%
鞍山 (Anshan)
59.3%
珠海 (Zhuhai)
58.9%
大同 (Datong)
58.9%
大通 (Datong)
58.5%
保定 (Baoding)
56.5%
常州 (Changzhou)
55.2%
开封 (Kaifeng)
54.8%
吉安 (Ji'an)
54.4%
烟台 (Yantai)
54%
泰州 (Taizhou)
50.8%
台州 (Taizhou)
50.8%
安阳 (Anyang)
50%
柳州 (Liuzhou)
50%
抚顺 (Fushun)
49.2%
淮南 (Huainan)
48.8%
大庆 (Daqing)
48.8%
泰安 (Tai'an)
48.4%
襄阳 (Xiangfan)
47.6%
张家口 (Zhangjiakou)
46.8%
芜湖 (Wuhu)
46.4%
江门 (Jiangmen)
46.4%
南通 (Nantong)
46%
喀什 (Kashi)
45.6%
莆田 (Putian)
45.2%
湛江 (Zhanjiang)
45.2%
临沂 (Linyi)
44.8%
绵阳 (Mianyang)
44.8%
邯郸 (Handan)
44.4%
绍兴 (Shaoxing)
44.4%
秦皇岛 (Qinhuangdao)
44%
咸阳 (Xianyang)
43.5%
平顶山 (Pingdingshan)
42.7%
潍坊 (Weifang)
42.7%
% Correct
茂名 (Maoming)
41.5%
蚌埠 (Bengbu)
41.1%
牡丹江 (Mudanjiang)
40.7%
荆州 (Jingzhou)
40.3%
济宁 (Jining)
40.3%
衡阳 (Hengyang)
39.9%
漳州 (Zhangzhou)
39.5%
宜昌 (Yichang)
39.5%
丹东 (Dandong)
39.5%
揭阳 (Jieyang)
38.7%
盐城 (Yancheng)
38.7%
岳阳 (Yueyang)
38.3%
天水 (Tianshui)
37.5%
鸡西 (Jixi)
37.5%
乐山 (Leshan)
37.1%
韶关 (Shaoguan)
36.7%
沧州 (Cangzhou)
36.7%
株洲 (Zhuzhou)
36.7%
常德 (Changde)
36.3%
辽阳 (Liaoyang)
36.3%
本溪 (Benxi)
35.9%
马鞍山 (Ma'anshan)
35.5%
镇江 (Zhenjiang)
35.1%
梧州 (Wuzhou)
35.1%
北海 (Beihai)
34.3%
六盘水 (Liupanshui)
33.9%
佳木斯 (Jiamusi)
33.9%
宝鸡 (Baoji)
33.9%
营口 (Yingkou)
33.5%
阿勒泰 (Altay)
33.5%
九江 (Jiujiang)
33.1%
龙岩 (Longyan)
32.7%
延安 (Yan'an)
32.7%
遵义 (Zunyi)
32.3%
信阳 (Xinyang)
32.3%
濮阳 (Puyang)
32.3%
许昌 (Xuchang)
32.3%
淮北 (Huaibei)
31.9%
南充 (Nanchong)
31.9%
嘉兴 (Jiaxing)
31.9%
安庆 (Anqing)
31.5%
攀枝花 (Panzhihua)
31.5%
嘉峪关 (Jiayuguan)
31%
新乡 (Xinxiang)
31%
德州 (Dezhou)
31%
赤峰 (Chifeng)
31%
武威 (Wuwei)
30.6%
汉中 (Hanzhong)
30.6%
安顺 (Anshun)
30.2%
湘潭 (Xiangtan)
30.2%
泸州 (Luzhou)
30.2%
克拉玛依 (Karamay)
29.8%
南平 (Nanping)
29.4%
黄石 (Huangshi)
29%
十堰 (Shiyan)
29%
辽源 (Liaoyuan)
29%
内江 (Neijiang)
29%
滁州 (Chuzhou)
28.6%
三明 (Sanming)
28.6%
张掖 (Zhangye)
28.2%
邢台 (Xingtai)
28.2%
阜新 (Fuxin)
28.2%
榆林 (Yulin)
28.2%
玉林 (Yulin)
28.2%
铜陵 (Tongling)
27.8%
廊坊 (Langfang)
27.8%
景德镇 (Jingdezhen)
27.8%
白城 (Baicheng)
27.8%
仙桃 (Xiantao)
27.4%
赣州 (Ganzhou)
27.4%
铜仁 (Tongren)
27%
双鸭山 (Shuangyashan)
27%
郴州 (Chenzhou)
27%
阿克苏 (Aksu)
27%
七台河 (Qitaihe)
26.6%
巴彦淖尔 (Bayannur)
26.6%
乌兰浩特 (Ulanhot)
26.6%
通化 (Tonghua)
26.2%
东营 (Dongying)
26.2%
通辽 (Tongliao)
26.2%
石狮 (Shishi)
25.8%
白银 (Baiyin)
25.8%
玉门 (Yumen)
25.8%
% Correct
毕节 (Bijie)
25.8%
白山 (Baishan)
25.8%
金华 (Jinhua)
25.8%
钦州 (Qinzhou)
25.8%
乌海 (Wuhai)
25.8%
石嘴山 (Shizuishan)
25.8%
临夏 (Linxia)
25.4%
晋中 (Jinzhong)
25.4%
自贡 (Zigong)
25.4%
库尔勒 (Korla)
25.4%
永安 (Yongan)
25%
邵阳 (Shaoyang)
25%
晋城 (Jincheng)
25%
琼山 (Qiongshan)
24.6%
鹤岗 (Hegang)
24.6%
格尔木 (Golmud)
24.6%
临汾 (Linfen)
24.6%
万宁 (Wanning)
24.2%
宣威 (Xuanwei)
24.2%
锡林浩特 (Xilinhot)
24.2%
昌都 (Changdu)
24.2%
敦化 (Dunhua)
23.8%
公主岭 (Gongzhuling)
23.8%
龙泉 (Longquan)
23.8%
乌兰察布 (Ulanqab)
23.8%
石河子 (Shihezi)
23.8%
临高 (Lingao)
23.4%
宜宾 (Yibin)
23.4%
玉溪 (Yuxi)
23.4%
湖州 (Huzhou)
23.4%
昌吉 (Changji)
23.4%
日喀则 (Rikaze)
23.4%
凯里 (Kaili)
23%
澄迈 (Chengmai)
23%
随州 (Suizhou)
23%
铜川 (Tongchuan)
23%
阳泉 (Yangquan)
23%
广元 (Guangyuan)
23%
百色 (Baise)
23%
贵港 (Guigang)
23%
延吉 (Yanji)
22.6%
渭南 (Weinan)
22.6%
运城 (Yuncheng)
22.6%
吴忠 (Wuzhong)
22.6%
兴义 (Xingyi)
22.2%
桐梓 (Tongzi)
22.2%
焦作 (Jiaozuo)
22.2%
淮安 (Huaiyin)
22.2%
宜春 (Yichun)
22.2%
四平 (Siping)
22.2%
侯马 (Houma)
22.2%
金昌 (Jinchang)
21.8%
益阳 (Yiyang)
21.8%
鹰潭 (Yingtan)
21.8%
平凉 (Pingliang)
21.4%
德令哈 (Delingha)
21.4%
瑞安 (Rui'an)
21.4%
海拉尔 (Hailar)
21.4%
都匀 (Duyun)
21%
老河口 (Laohekou)
21%
萍乡 (Pingxiang)
21%
安康 (Ankang)
21%
忻州 (Xinzhou)
21%
河池 (Hechi)
21%
开远 (Kaiyuan)
20.6%
东阳 (Dongyang)
20.6%
奎屯 (Kuytun)
20.6%
绥化 (Suihua)
20.2%
青铜峡 (Qingtongxia)
20.2%
上饶 (Shangrao)
19.8%
盘锦 (Panjin)
19.8%
韩城 (Hancheng)
19.8%
民和 (Minhe)
19.4%
伊宁 (Yining)
19.4%
乃东 (Naidong)
19.4%
昭通 (Zhaotong)
19%
镇雄 (Zhenxiong)
19%
栾城 (Luancheng)
18.5%
应城 (Yingcheng)
17.7%
娄底 (Loudi)
17.7%
个旧 (Gejiu)
16.5%
曲靖 (Qujing)
16.1%
长治 (Changzhi)
15.7%
Quiz Playlist
Details
Report
Send in Message
Add To Playlist
More Info:
* Autonomous Regions. Population data source of Xinjian (Tibet), Hainan, Beijing, Tianjin, and Chongqing: http://www.citypopulation.de
Classic:
Type in answers that appear in a list
Quiz Source
Last Updated: Feb 16, 2017
Quiz Scoreboard
CHALLENGE
Sign Up to Join the Scoreboard
Show All
Scores
Hide
Comments
May contain spoilers
Recently Published
Street Fighter Characters
by Artimus82
Gaming
60s
9x9 Crossword: Cartoon Network
by jackfrog10
Miscellaneous
3m
College Basketball Coaching Resumes
by pancakes188
Sports
9m
More to Explore
Quiz From the Vault
Featured Blog Post
Where Did the Easter Bunny Come From?
hide this ad
You Might Also Like...
Tags
Nintendo Quiz
Population Quiz
China
Chinese Provinces
Populous City
Today's Top Quizzes in Geography
Browse Geography
hide this ad
Today's Top Quizzes in Nintendo
Browse Nintendo
Top Contributed Quizzes in Geography
1
Countries of the World - No Outlines Minefield
2
Top 25 Cities of France on a map
3
Any capital of a 'B' country per Continent
4
Any capital of a 'C' country per Continent
5
Closest Countries to UK A-Z
6
Any capital of a 'D' country per Continent
7
5-to-1: US Geography No Hints
8
Any capital of an 'E' country per Continent
9
Find the US States - No Outlines
10
Any capital of an 'F' country per Continent
Explore More
Trending Topics
Kpop
Anime
Harry Potter
Disney
Marvel
Crossword
NBA
Country
Puzzle
The Office
WWE
Pokémon
Song
NFL
Soccer
hide this ad
More By:
guepart
Quiz
Plays
Rating
Category
Featured
Created
Most Populous Prefectures of Japan
422
4.50
Geography
May 6, 2012
Historical Periods of Japan
250
5.00
History
May 2, 2012
Most Populous Chinese Cities By Province
248
5.00
Geography
May 23, 2012
Go to Creator's Profile
Score Distribution
Quiz Creator Spotlight
guepart
Follow
Send a Message
Quizzes Created
-
Created Quiz Play Count
-
More By This Creator
Popular Quizzes Today
1
Find the US States - No Outlines Minefield
2
Find the Countries of Europe - No Outlines Minefield
3
The Countries of the World
4
Find the US States
5
Risky Map Clicking: Biggest States A-Z
6
US States
7
Popular People in 1961
8
Movies - When Are They Set?
More Geography Quizzes
Geography Grab Bag: North America
Published
Trending Quizzes
Risky Map Clicking: Least Populous States A-Z
1-10 Letter G Words
Risky Map Clicking: Next State Alphabetically
Adjectives in 80s TV Shows
The Seven Year Switch: Catherine
Recently Updated
Leaping Animals
pecheneg
Reality TV Shows (A-Z)
bhenderson79
Rickey Henderson's Hall of Fame Teammates
pecheneg
Champions League XIs: Arsenal
pecheneg
Quick Pick: Celebrities in WWE's Hall of Fame
aduchscher
A-Z Keypad Blitz II
pecheneg
Multiple Oscar Actors
pecheneg
Mystery Phrase Blitz: Oscar 'Best Actors'
pecheneg
F. Scott Fitzgerald Novels
LTH
Pick 3 Villains
ddd62291
Trending Topics
Disney
Anime
Harry Potter
Marvel
NBA
Crossword
Kpop
Song
NFL
Puzzle
Soccer
The Office
WWE
Country
Pokémon
Your Account Isn't Verified!
In order to create a playlist on Sporcle, you need to verify the email address you used during registration. Go to your
Sporcle Settings
to finish the process.
Report this User
Report this user for behavior that violates our
Community Guidelines
.
Details:
Send Report
Go to the Sporcle.com Mobile Site →
Comments